[Event "25th European Teams Women"]
[Site "Batumi GEO"]
[Date "2025.10.10"]
[Round "6.18"]
[Board "2"]
[White "Ostensson, Julia"]
[Black "Zvereva, Marija"]
[Result "0-1"]
[BlackTitle "WIM"]
[WhiteElo "1994"]
[BlackElo "2003"]
[WhiteTeam "Sweden"]
[BlackTeam "Monaco"]
[WhiteFideId "1747703"]
[BlackFideId "4121082"]
[EventDate "2025.10.05"]

1. e4 c5 2. Nf3 Nc6 3. d4 cxd4 4. Nxd4 e5 5. Nb5 d6 6. N1c3 a6 7. Na3 Be6 8. Nc4
b5 9. Ne3 Nf6 10. Bd3 g6 11. a4 b4 12. Ncd5 Bg7 13. Nxf6+ Qxf6 14. Bc4 Bxc4 15.
Nxc4 O-O 16. O-O Qe6 17. Nb6 Rab8 18. Be3 Rfd8 19. Qd3 f5 20. f3 Ne7 21. Rfd1 a5
22. Rd2 Bh6 23. Rad1 Bxe3+ 24. Qxe3 Nc6 25. Nd5 Nd4 26. Qg5 Kg7 27. Qe7+ Qxe7
28. Nxe7 Rb7 29. Nd5 Rc8 30. Kf2 Rxc2 31. Rxc2 Nxc2 32. Ne3 Nd4 33. Rc1 b3 34.
Nd5 fxe4 35. fxe4 Nc2 36. Ke2 Rb8 37. Rf1 Rc8 38. Kd3 Nd4 39. Nc3 Ne6 40. Rf3
Nf4+ 41. Kd2 Nxg2 42. Rd3 Rc6 43. Rd5 Nf4 44. Rxa5 Rc4 45. Ra7+ Kf6 46. a5 Rd4+
47. Ke1 Nd3+ 48. Ke2 Nxb2 49. Rb7 Nc4 50. a6 Rd2+ 51. Ke1 Ra2 52. h4 g5 53. Nd5+
Kg6 54. hxg5 Rxa6 55. Rxb3 Kxg5 56. Rc3 Nb2 57. Ne7 Kf4 58. Rh3 Kxe4 59. Rxh7
Nd3+ 60. Kd2 Nf4 61. Rh6 Ra2+ 62. Kc3 Nd5+ 63. Nxd5 Kxd5 64. Kd3 Ra3+ 65. Ke2 e4
66. Kd2 Ke5 67. Rh5+ Kd4 68. Rh4 Ra2+ 69. Ke1 d5 70. Rh5 e3 71. Kd1 Ke4 0-1

[Event "25th European Teams Women"]
[Site "Batumi GEO"]
[Date "2025.10.10"]
[Round "6.18"]
[Board "3"]
[White "Ince, Safiye Oyku"]
[Black "Wickstrom, Carina"]
[Result "1/2-1/2"]
[WhiteTitle "WCM"]
[WhiteElo "1998"]
[BlackElo "1915"]
[WhiteTeam "Monaco"]
[BlackTeam "Sweden"]
[WhiteFideId "6391222"]
[BlackFideId "1743201"]
[EventDate "2025.10.05"]

1. e4 c6 2. d4 d5 3. exd5 cxd5 4. Bd3 Nc6 5. c3 g6 6. Qc2 Bg7 7. Bf4 Nh6 8. h4
Bf5 9. Nf3 Qd7 10. Bxf5 Nxf5 11. h5 Nd6 12. h6 Bf6 13. Nbd2 O-O 14. Nf1 b5 15.
Ne3 Nc4 16. Nxc4 bxc4 17. O-O-O e6 18. Rde1 a5 19. Qa4 Ne5 20. Qxd7 Nxd7 21. g4
Rfc8 22. Bd6 Ra6 23. Ba3 Rc7 24. Rhg1 Rb7 25. g5 Bd8 26. Ne5 Nxe5 27. dxe5 Be7
28. Bxe7 Rxe7 29. Rg4 Kf8 30. Rd4 Rb6 31. Re2 Reb7 32. f4 a4 33. a3 Rb8 34. Red2
Ke7 1/2-1/2

[Event "25th European Teams Women"]
[Site "Batumi GEO"]
[Date "2025.10.10"]
[Round "6.18"]
[Board "4"]
[White "Harshavardhini, M.S."]
[Black "Dubois, Martine"]
[Result "1-0"]
[BlackTitle "WIM"]
[WhiteElo "1859"]
[BlackElo "1891"]
[WhiteTeam "Sweden"]
[BlackTeam "Monaco"]
[WhiteFideId "35061747"]
[BlackFideId "601926"]
[EventDate "2025.10.05"]

1. e4 c6 2. d4 d5 3. Nd2 dxe4 4. Nxe4 Nf6 5. Nxf6+ exf6 6. Nf3 Bd6 7. Be3 O-O 8.
Qd2 Re8 9. O-O-O a5 10. d5 c5 11. Bf4 Bxf4 12. Qxf4 Bd7 13. Qd6 Qc8 14. h3 b5
15. g4 a4 16. Kb1 Ra6 17. Qf4 Rb6 18. g5 f5 19. Ne5 Qc7 20. Nd3 Qxf4 21. Nxf4
Rd6 22. Bg2 Na6 23. Rhe1 Rxe1 24. Rxe1 Nc7 25. Nd3 Na6 26. Ne5 Kf8 27. c4 Nc7
28. f4 Be8 29. Kc2 f6 30. gxf6 gxf6 31. Nd3 bxc4 32. Nxc5 Nxd5 33. Bxd5 Rxd5 34.
Ne6+ Kf7 35. Nc7 Rd8 36. Nxe8 Rxe8 37. Rxe8 Kxe8 38. Kc3 Kd7 39. Kxc4 Kc6 40.
Kb4 Kd5 41. Kxa4 Ke4 42. b4 Kxf4 43. b5 Ke3 44. b6 f4 45. b7 f3 46. b8=Q f2 47.
Qb5 h5 48. Qf1 h4 49. Kb5 f5 50. a4 f4 51. a5 Kf3 52. a6 Kg3 53. a7 1-0

[Event "25th European Teams Women"]
[Site "Batumi GEO"]
[Date "2025.10.12"]
[Round "7.1"]
[Board "1"]
[White "Kashlinskaya, Alina"]
[Black "Osmak, Yuliia"]
[Result "1-0"]
[WhiteTitle "IM"]
[BlackTitle "IM"]
[WhiteElo "2450"]
[BlackElo "2464"]
[WhiteTeam "Poland"]
[BlackTeam "Ukraine"]
[WhiteFideId "4198026"]
[BlackFideId "14101602"]
[EventDate "2025.10.05"]

1. e4 c6 2. d4 d5 3. e5 Bf5 4. h4 h5 5. c4 e6 6. Nc3 dxc4 7. Bxc4 Nd7 8. Nge2
Be7 9. g3 Nh6 10. Bf4 Bg6 11. O-O Nb6 12. Bb3 Nf5 13. Be3 Nxe3 14. fxe3 Bf5 15.
Rxf5 exf5 16. Qd3 Qd7 17. Rf1 f6 18. exf6 gxf6 19. Nf4 Bd6 20. Ne6 Qh7 21. Rxf5
Ke7 22. Qe4 Kd7 23. Qf3 Rae8 24. Rxf6 Kc8 25. Ne4 Be7 26. N6g5 Qg7 27. Qf5+ Nd7
28. Rf7 Rhf8 29. Nd6+ 1-0

[Event "25th European Teams Women"]
[Site "Batumi GEO"]
[Date "2025.10.12"]
[Round "7.1"]
[Board "2"]
[White "Ushenina, Anna"]
[Black "Maltsevskaya, Aleksandra"]
[Result "1-0"]
[WhiteTitle "GM"]
[BlackTitle "IM"]
[WhiteElo "2407"]
[BlackElo "2394"]
[WhiteTeam "Ukraine"]
[BlackTeam "Poland"]
[WhiteFideId "14110911"]
[BlackFideId "24174041"]
[EventDate "2025.10.05"]

1. d4 d5 2. c4 e6 3. Nc3 Nf6 4. cxd5 exd5 5. Bg5 Be7 6. e3 h6 7. Bh4 O-O 8. Bd3
Re8 9. Nge2 c6 10. O-O Nbd7 11. f3 b5 12. Bf2 a5 13. Kh1 Ba6 14. Rc1 Qb8 15. Ng3
c5 16. Nce2 c4 17. Bb1 b4 18. h3 a4 19. e4 a3 20. bxa3 dxe4 21. fxe4 b3 22. axb3
Qxb3 23. Bc2 Qxa3 24. Ra1 Qb2 25. Rb1 Qa3 26. Be1 Bf8 27. Rf3 Qe7 28. Nc3 Reb8
29. Rxb8 Rxb8 30. e5 Ne8 31. Nf5 Qe6 32. Bg3 Rd8 33. d5 Qb6 34. d6 Bb7 35. Nd5
Qb2 36. Rf2 Qa3 37. Kh2 Ra8 38. Nfe7+ Bxe7 39. Nxe7+ Kh8 40. Rxf7 Qc3 41. Ng6+
Kg8 42. Rxd7 Bxg2 43. Kxg2 Ra3 44. Qg4 Qxc2+ 45. Bf2 Ra2 46. Qf5 1-0

[Event "25th European Teams Women"]
[Site "Batumi GEO"]
[Date "2025.10.12"]
[Round "7.1"]
[Board "3"]
[White "Kiolbasa, Oliwia"]
[Black "Zhukova, Natalia"]
[Result "0-1"]
[WhiteTitle "IM"]
[BlackTitle "GM"]
[WhiteElo "2388"]
[BlackElo "2305"]
[WhiteTeam "Poland"]
[BlackTeam "Ukraine"]
[WhiteFideId "1154613"]
[BlackFideId "14101513"]
[EventDate "2025.10.05"]

1. e4 e6 2. d4 d5 3. e5 c5 4. c3 Nc6 5. Nf3 Bd7 6. Be2 Nge7 7. O-O Nf5 8. dxc5
Bxc5 9. Bd3 Nh4 10. Nbd2 Ng6 11. Nb3 Bb6 12. Qe2 O-O 13. Bxg6 fxg6 14. Nbd4 h6
15. h4 Bxd4 16. cxd4 Ne7 17. Rd1 Nf5 18. g3 Qb6 19. Kg2 Bb5 20. Qd2 Rac8 21. b3
Rf7 22. Bb2 Qa6 23. Ne1 Bf1+ 24. Kg1 Be2 25. Rdc1 Rcf8 26. Ng2 Bf3 27. Rc3 Nxd4
28. Qxd4 Bxg2 29. Qd2 Be4 30. a4 Rf3 31. b4 Rxc3 32. Bxc3 Qc4 33. Rc1 Rf3 34.
Bb2 Qa2 35. Ra1 Qc4 36. Rc1 Qb3 37. a5 Rxg3+ 38. fxg3 Qxg3+ 39. Kf1 Bd3+ 40.
Qxd3 Qxd3+ 41. Ke1 d4 42. Rc8+ Kh7 43. Bc1 Qe4+ 44. Kd1 d3 0-1

[Event "25th European Teams Women"]
[Site "Batumi GEO"]
[Date "2025.10.12"]
[Round "7.1"]
[Board "4"]
[White "Piddubna, Bozhena"]
[Black "Socko, Monika"]
[Result "1/2-1/2"]
[WhiteTitle "WFM"]
[BlackTitle "GM"]
[WhiteElo "2265"]
[BlackElo "2356"]
[WhiteTeam "Ukraine"]
[BlackTeam "Poland"]
[WhiteFideId "34109293"]
[BlackFideId "1106619"]
[EventDate "2025.10.05"]

1. c4 Nf6 2. Nc3 e5 3. Nf3 Nc6 4. e3 Bb4 5. Qc2 Bxc3 6. Qxc3 Qe7 7. a3 a5 8. b4
axb4 9. axb4 Rxa1 10. Qxa1 Nxb4 11. Qxe5 Qxe5 12. Nxe5 d6 13. Nd3 Nxd3+ 14. Bxd3
Be6 15. Bb2 Ke7 16. Ke2 Ra8 17. Rb1 b6 18. e4 Nd7 19. f4 f6 20. Ke3 Nc5 21. Be2
Ra2 22. d3 Na4 23. Bd4 Nc5 24. e5 dxe5 25. fxe5 Bf5 26. Ra1 Rxe2+ 27. Kxe2 Nb3
28. exf6+ gxf6 29. Ke3 Nxa1 30. Bxa1 c6 31. Bd4 1/2-1/2

[Event "25th European Teams Women"]
[Site "Batumi GEO"]
[Date "2025.10.12"]
[Round "7.2"]
[Board "1"]
[White "Bulmaga, Irina"]
[Black "Wagner, Dinara"]
[Result "0-1"]
[WhiteTitle "IM"]
[BlackTitle "IM"]
[WhiteElo "2396"]
[BlackElo "2410"]
[WhiteTeam "Romania"]
[BlackTeam "Germany"]
[WhiteFideId "13903063"]
[BlackFideId "24157570"]
[EventDate "2025.10.05"]

1. e4 c5 2. Nc3 d6 3. Nge2 Nf6 4. g3 g6 5. Bg2 Bg7 6. d4 cxd4 7. Nxd4 O-O 8. h3
Nc6 9. Be3 Bd7 10. O-O Rc8 11. a4 Ne5 12. Nde2 Nc4 13. Bc1 a6 14. b3 Na5 15. Bd2
Nc6 16. Nd5 Nxd5 17. exd5 Nd4 18. Nxd4 Bxd4 19. Bh6 Bxa1 20. Qxa1 f6 21. Bxf8
Kxf8 22. c4 Qa5 23. Qd4 Qc5 24. Qh4 Kg7 25. Re1 Re8 26. Qf4 Qb4 27. Re3 Qc5 28.
Kh2 Qb4 29. h4 Qa3 30. g4 Qb2 31. h5 g5 32. Qg3 Qd4 33. Re4 Qd2 34. c5 Qc2 35.
cxd6 exd6 36. Rxe8 Bxe8 37. Qxd6 Qxf2 38. Qe7+ Bf7 39. Qe4 Qd2 40. b4 b6 41. Kh3
a5 42. b5 h6 43. Bf3 Qf4 44. Qxf4 gxf4 45. Kg2 Kf8 46. Be4 Ke7 47. Kf3 Kd6 48.
Kxf4 Bg8 49. Bc2 Ke7 50. Be4 Kd6 51. Bg2 Bh7 52. Bf3 Ke7 53. g5 hxg5+ 54. Kg4
Kd6 55. h6 Ke5 56. Bg2 Kd6 57. Kh5 Ke5 58. Bf3 Kd6 59. Bd1 Kxd5 60. Bb3+ Ke5 61.
Kg4 Kd6 62. Kh5 Ke7 63. Bd1 Kf8 64. Bb3 Bf5 65. Bd5 Bc2 66. Bc4 Bxa4 67. Kg6
Bc2+ 68. Kxf6 g4 69. Kg5 g3 70. Bd5 a4 71. Kf4 Bb3 72. Be4 a3 0-1

[Event "25th European Teams Women"]
[Site "Batumi GEO"]
[Date "2025.10.12"]
[Round "7.2"]
[Board "2"]
[White "Klek, Hanna Marie"]
[Black "Sandu, Mihaela"]
[Result "1-0"]
[WhiteTitle "WGM"]
[BlackTitle "WGM"]
[WhiteElo "2328"]
[BlackElo "2203"]
[WhiteTeam "Germany"]
[BlackTeam "Romania"]
[WhiteFideId "24670057"]
[BlackFideId "1204327"]
[EventDate "2025.10.05"]

1. e4 e5 2. Nf3 Nc6 3. Bb5 a6 4. Ba4 Nf6 5. O-O Be7 6. Re1 b5 7. Bb3 d6 8. c3
O-O 9. h3 Nb8 10. d4 Nbd7 11. c4 c6 12. Qc2 Bb7 13. dxe5 dxe5 14. Be3 Qc7 15. c5
h6 16. Nh4 Rfe8 17. Nf5 Nf8 18. Bxh6 g6 19. Qc1 N8h7 20. Re3 Nh5 21. Rf3 Nf4 22.
Rxf4 exf4 23. Bxf4 Bg5 24. Qc3 Bf6 25. Qg3 Be5 26. Nc3 Kh8 27. Nd6 Bxf4 28. Qxf4
Re7 29. e5 Kg7 30. Nce4 Bc8 31. Nf6 Be6 32. Qh4 Rh8 33. Nde8+ Rexe8 34. Qxh7+ 1-0

[Event "25th European Teams Women"]
[Site "Batumi GEO"]
[Date "2025.10.12"]
[Round "7.2"]
[Board "3"]
[White "Lehaci, Miruna-Daria"]
[Black "Safarli, Josefine"]
[Result "1/2-1/2"]
[WhiteTitle "WIM"]
[BlackTitle "WGM"]
[WhiteElo "2212"]
[BlackElo "2276"]
[WhiteTeam "Romania"]
[BlackTeam "Germany"]
[WhiteFideId "1234765"]
[BlackFideId "12900460"]
[EventDate "2025.10.05"]

1. e4 c5 2. Nf3 d6 3. d4 cxd4 4. Nxd4 Nf6 5. Nc3 a6 6. Be2 e5 7. Nf3 Be7 8. Bg5
Be6 9. Bxf6 Bxf6 10. a4 O-O 11. O-O Be7 12. Nd2 Qc7 13. Re1 Nd7 14. Nf1 Nf6 15.
Ne3 Qc6 16. Bf3 Rac8 17. Qd3 Qb6 18. Reb1 g6 19. a5 Qd4 20. Qe2 Qc5 21. Ra3 Rfd8
22. b4 Qa7 23. Na4 Rc6 24. Nb6 Re8 25. c4 Bd8 26. Ned5 Kg7 27. Qd3 Qb8 28. Nxf6
Bxf6 29. Bd1 Rd8 30. Ba4 Rc7 31. Rc3 Bg5 32. b5 axb5 33. cxb5 d5 34. Rxc7 Qxc7
35. Nxd5 Bxd5 36. exd5 Qxa5 37. Bb3 Be7 38. g3 Bc5 39. Kg2 Rd6 40. Rc1 b6 41.
Qe2 Rf6 42. Qxe5 Qxb5 43. Bc4 Qb4 44. Rc2 Qb1 45. Bd3 Qd1 46. Qe4 h5 47. h4 Qa1
48. Re2 Qc3 49. Rc2 Qa3 50. Qc4 Qa1 51. Re2 Qa3 52. Rc2 Qa1 1/2-1/2

[Event "25th European Teams Women"]
[Site "Batumi GEO"]
[Date "2025.10.12"]
[Round "7.2"]
[Board "4"]
[White "Dolzhykova, Kateryna"]
[Black "Sgircea, Silvia-Raluca"]
[Result "1/2-1/2"]
[WhiteTitle "WGM"]
[BlackTitle "WIM"]
[WhiteElo "2300"]
[BlackElo "2219"]
[WhiteTeam "Germany"]
[BlackTeam "Romania"]
[WhiteFideId "14113414"]
[BlackFideId "1213776"]
[EventDate "2025.10.05"]

1. e4 c5 2. Nf3 Nc6 3. d4 cxd4 4. Nxd4 g6 5. c4 Nf6 6. Nc3 d6 7. f3 Nxd4 8. Qxd4
Bg7 9. Be3 O-O 10. Qd2 Be6 11. Rc1 a5 12. b3 Nd7 13. Be2 Nc5 14. Bh6 Bxh6 15.
Qxh6 f6 16. O-O Qb6 17. Qe3 Nd7 18. Qxb6 Nxb6 19. Nd5 Bxd5 20. exd5 Nd7 21. Rfe1
Nc5 22. h4 Rfe8 23. Bf1 Kf7 24. Kf2 Rac8 25. Rcd1 Rc7 26. g3 f5 27. g4 fxg4 28.
fxg4 Nd7 29. g5 Kg7 30. Kg3 h6 31. gxh6+ Kxh6 32. Rd4 Nf6 33. Kh3 Rg8 34. Bd3
Rg7 35. a3 b6 36. Rg1 Rc8 37. Rf4 Rcg8 38. Rg5 Nh7 39. Rfg4 Nf6 40. Rg1 Nh5 41.
R1g4 Nf6 42. Rg1 Nh5 43. R1g4 1/2-1/2

[Event "25th European Teams Women"]
[Site "Batumi GEO"]
[Date "2025.10.12"]
[Round "7.3"]
[Board "1"]
[White "Batsiashvili, Nino"]
[Black "Fataliyeva, Ulviyya"]
[Result "1-0"]
[WhiteTitle "GM"]
[BlackTitle "IM"]
[WhiteElo "2469"]
[BlackElo "2410"]
[WhiteTeam "Georgia 1"]
[BlackTeam "Azerbaijan"]
[WhiteFideId "13602993"]
[BlackFideId "13403052"]
[EventDate "2025.10.05"]

1. d4 d5 2. c4 e6 3. Nc3 Be7 4. Nf3 Nf6 5. g3 O-O 6. Bg2 dxc4 7. Ne5 c5 8. dxc5
Qxd1+ 9. Nxd1 Bxc5 10. Ne3 c3 11. bxc3 Nc6 12. Nd3 Bb6 13. O-O Re8 14. Nc4 Bc7
15. Bf4 Bxf4 16. gxf4 Nd5 17. Rfc1 Rd8 18. Rab1 f6 19. Na3 Rb8 20. c4 Nde7 21.
c5 Bd7 22. Nc4 Nd4 23. Kf1 Bc6 24. Bxc6 Ndxc6 25. Rc3 Rd7 26. Rcb3 Nd5 27. e3
Rbd8 28. Ke2 a5 29. R1b2 h6 30. Nb6 Nxb6 31. cxb6 Rd5 32. Rc3 R8d6 33. Nc5 Nd8
34. a4 Rc6 35. Rb5 f5 36. Rd3 Rcxc5 37. Rxc5 Rxc5 38. Rxd8+ Kh7 39. Rd6 e5 40.
fxe5 Rxe5 41. f3 Rc5 42. Kd3 Rc1 43. Kd4 Rh1 44. Ke5 Rxh2 45. Kxf5 h5 46. e4 h4
47. Kg4 Rf2 48. e5 h3 49. Kxh3 Rxf3+ 50. Kg4 Rf1 51. Rd7 Kg6 52. Rxb7 Ra1 53.
Rb8 Rxa4+ 54. Kf3 Kg5 55. b7 Rf4+ 56. Ke3 Rf7 57. Ke4 a4 58. Kd5 a3 59. Kc6 a2
60. Ra8 Rxb7 61. Kxb7 Kf5 62. Rxa2 Kxe5 63. Rg2 Kf6 64. Kc6 g5 65. Kd5 Kf5 66.
Rf2+ Kg4 67. Ke4 Kg3 68. Ke3 g4 69. Ke2 Kh3 70. Kf1 1-0

[Event "25th European Teams Women"]
[Site "Batumi GEO"]
[Date "2025.10.12"]
[Round "7.3"]
[Board "2"]
[White "Balajayeva, Khanim"]
[Black "Javakhishvili, Lela"]
[Result "1/2-1/2"]
[WhiteTitle "IM"]
[BlackTitle "IM"]
[WhiteElo "2351"]
[BlackElo "2423"]
[WhiteTeam "Azerbaijan"]
[BlackTeam "Georgia 1"]
[WhiteFideId "13406396"]
[BlackFideId "13601458"]
[EventDate "2025.10.05"]

1. e4 e5 2. Nf3 Nc6 3. d4 exd4 4. Nxd4 Nf6 5. Nxc6 bxc6 6. Bd3 d5 7. exd5 cxd5
8. O-O Be7 9. c4 O-O 10. Nc3 Be6 11. cxd5 Nxd5 12. Nxd5 Bxd5 13. Qc2 h6 14. Be3
Qc8 15. Rfd1 Qb7 16. Bh7+ Kh8 17. Rxd5 Qxd5 18. Be4 Qe5 19. Bxa8 Rxa8 20. Rd1
Bd6 21. g3 Qe6 22. b3 a5 23. Qc6 Qe8 24. Qxe8+ Rxe8 25. Rd5 Ra8 26. a4 Bb4 27.
Rd7 Kg8 28. Rxc7 Rd8 29. Bb6 Rd3 30. Rb7 g5 31. h3 Kg7 32. Kf1 Kg6 33. Ke2 Rd2+
34. Ke3 Rb2 35. Ke4 h5 36. Rb8 f6 37. Bd4 f5+ 38. Ke5 Re2+ 39. Kd5 Rd2 40. Rb6+
Kf7 41. Ke5 f4 42. gxf4 gxf4 43. Ke4 Ke7 44. Rb5 h4 45. Rh5 Rd1 46. Bc5+ Ke6 47.
Re5+ Kf6 48. Rf5+ Ke6 49. Bxb4 axb4 50. Rxf4 Rb1 51. Rf3 Rb2 52. Kd4 Rc2 53.
Re3+ Kf5 54. Rf3+ Ke6 55. a5 Kd7 56. a6 Kc7 57. Rf7+ Kb8 58. Rb7+ Ka8 59. Rxb4
Rxf2 60. Kc5 Rf5+ 61. Kc6 Rf3 62. Rxh4 Rxb3 63. Rh7 Ra3 64. Kb6 Rb3+ 65. Kc5 Ra3
66. Kb5 Rb3+ 67. Ka4 Rb6 68. Ka5 Rb1 69. Rh6 Ka7 70. h4 Rb2 71. h5 Rh2 72. Rh7+
Ka8 73. Kb5 Rb2+ 74. Kc5 Ra2 75. Rh6 Ra1 76. Kd4 Ra5 77. Ke4 Rc5 78. Kf4 Ka7 79.
Ke4 Rg5 80. Kf4 Rc5 81. Kg4 Rc4+ 82. Kg5 Rc5+ 83. Kg4 Rc4+ 84. Kf3 Rc5 85. Ke4
Rb5 86. Kd4 Rg5 87. Ke3 Rb5 88. Kf3 Rc5 89. Kg3 Rc3+ 90. Kg4 Rc4+ 1/2-1/2

[Event "25th European Teams Women"]
[Site "Batumi GEO"]
[Date "2025.10.12"]
[Round "7.3"]
[Board "3"]
[White "Khotenashvili, Bella"]
[Black "Beydullayeva, Govhar"]
[Result "1-0"]
[WhiteTitle "GM"]
[BlackTitle "WGM"]
[WhiteElo "2416"]
[BlackElo "2362"]
[WhiteTeam "Georgia 1"]
[BlackTeam "Azerbaijan"]
[WhiteFideId "13602640"]
[BlackFideId "13413015"]
[EventDate "2025.10.05"]

1. d4 d5 2. c4 e6 3. Nf3 Nd7 4. Nc3 Ngf6 5. cxd5 exd5 6. Bg5 h6 7. Bh4 Bb4 8.
Qc2 g5 9. Bg3 Ne4 10. Nd2 Nxg3 11. hxg3 Nb6 12. e3 Be6 13. Bd3 Bf8 14. O-O-O Rc8
15. f4 c5 16. Nf3 Bg7 17. Kb1 cxd4 18. Nxd4 Bd7 19. Qb3 O-O 20. Bc2 Re8 21. e4
dxe4 22. Nf5 Bxf5 23. Rxd8 Rexd8 24. Qb5 Bd7 25. Qe2 gxf4 26. Qxe4 Nc4 27. Qxf4
Na3+ 28. bxa3 Rxc3 29. Bb3 Be8 30. Re1 Bb5 31. Qxf7+ Kh8 32. Bc2 Rxc2 33. Kxc2
Bd3+ 34. Kb3 Bb5 35. Re7 Rg8 36. g4 Bc6 37. g5 Bxg2 38. gxh6 1-0

[Event "25th European Teams Women"]
[Site "Batumi GEO"]
[Date "2025.10.12"]
[Round "7.3"]
[Board "4"]
[White "Mammadova, Gulnar"]
[Black "Arabidze, Meri"]
[Result "1-0"]
[WhiteTitle "IM"]
[BlackTitle "IM"]
[WhiteElo "2323"]
[BlackElo "2417"]
[WhiteTeam "Azerbaijan"]
[BlackTeam "Georgia 1"]
[WhiteFideId "13403508"]
[BlackFideId "13604040"]
[EventDate "2025.10.05"]

1. e4 c5 2. Nf3 e6 3. d4 cxd4 4. Nxd4 Nc6 5. Nc3 Qc7 6. Be3 a6 7. a3 b5 8. Nxc6
Qxc6 9. Qf3 Bb7 10. Bd3 Qc7 11. Qg3 Qxg3 12. hxg3 Rc8 13. f3 Bc5 14. Bxc5 Rxc5
15. Kd2 Rg5 16. Rh3 Nf6 17. f4 Rh5 18. g4 Rxh3 19. gxh3 Ke7 20. b4 d5 21. exd5
Nxd5 22. Nxd5+ Bxd5 23. a4 Rb8 24. axb5 axb5 25. Ra7+ Kf8 26. Rc7 h6 27. h4 Rb6
28. Ke3 f6 29. Kd4 g5 30. hxg5 hxg5 31. fxg5 fxg5 32. Kc5 Rb8 33. Bxb5 Bf3 34.
Bc6 Bxg4 35. b5 e5 36. b6 Bf5 37. b7 g4 38. Kd6 g3 39. Kxe5 Bh3 40. Rh7 g2 41.
Bxg2 Re8+ 42. Kd6 Bxg2 43. Rh8+ 1-0

[Event "25th European Teams Women"]
[Site "Batumi GEO"]
[Date "2025.10.12"]
[Round "7.4"]
[Board "1"]
[White "Daulyte-Cornette, Deimante"]
[Black "Khademalsharieh, Sarasadat"]
[Result "1-0"]
[WhiteTitle "IM"]
[BlackTitle "IM"]
[WhiteElo "2386"]
[BlackElo "2444"]
[WhiteTeam "France"]
[BlackTeam "Spain"]
[WhiteFideId "12802859"]
[BlackFideId "12512214"]
[EventDate "2025.10.05"]

1. e4 e5 2. Nf3 Nc6 3. Bb5 a6 4. Ba4 Nf6 5. O-O Be7 6. d3 b5 7. Bb3 d6 8. a3 Na5
9. Ba2 c5 10. Nc3 Be6 11. Nh4 b4 12. axb4 cxb4 13. Bxe6 fxe6 14. Na4 O-O 15. Be3
Nd7 16. Nf3 Qe8 17. Nb6 Nxb6 18. Rxa5 Nd7 19. Qa1 Qc8 20. Qa2 Nb8 21. Ra1 Rf7
22. Ra4 Qxc2 23. Qxe6 Qxd3 24. Qc8+ Bf8 25. Rxb4 1-0

[Event "25th European Teams Women"]
[Site "Batumi GEO"]
[Date "2025.10.12"]
[Round "7.4"]
[Board "2"]
[White "Vega Gutierrez, Sabrina"]
[Black "Milliet, Sophie"]
[Result "1-0"]
[WhiteTitle "IM"]
[BlackTitle "IM"]
[WhiteElo "2362"]
[BlackElo "2360"]
[WhiteTeam "Spain"]
[BlackTeam "France"]
[WhiteFideId "2219026"]
[BlackFideId "623725"]
[EventDate "2025.10.05"]

1. e4 c5 2. Nf3 a6 3. c3 d5 4. exd5 Qxd5 5. Be2 e5 6. d4 exd4 7. cxd4 Nf6 8. Nc3
Qd8 9. Bg5 cxd4 10. Qxd4 Qxd4 11. Nxd4 Be7 12. O-O-O O-O 13. Rhe1 b5 14. Bf3 Ra7
15. Bf4 Be6 16. Bxb8 Rxb8 17. Nc6 Rab7 18. Nxb8 Rxb8 19. Nd5 Bc5 20. Nxf6+ gxf6
21. Bd5 Bxf2 22. Re2 Rc8+ 23. Kb1 Bg4 24. Bf3 Bf5+ 25. Ka1 Bb6 26. h3 Bc7 27. g4
Bg6 28. h4 Bf4 29. h5 Bd3 30. Ree1 Bc4 31. Kb1 Be6 32. Bd5 Bxg4 33. Rg1 f5 34.
Bf3 h6 35. Bxg4 fxg4 36. Rxg4+ Bg5 37. Rgd4 f5 38. Rd6 f4 39. Rxa6 f3 40. Rf1
Rf8 41. Kc2 f2 42. Kd3 Kh7 43. Ke2 Bh4 44. Re6 Rf5 45. Re4 Bg3 46. Re7+ Kg8 47.
Rc1 Kf8 48. Re3 Rg5 49. Rd1 Bh4 50. Re4 Bg3 51. Rd3 Rf5 52. Kf1 Bc7 53. Re6 Rxh5
54. Rf3+ Kg8 55. Re8+ 1-0

[Event "25th European Teams Women"]
[Site "Batumi GEO"]
[Date "2025.10.12"]
[Round "7.4"]
[Board "3"]
[White "Navrotescu, Andreea"]
[Black "Matnadze Bujiashvili, Ann"]
[Result "0-1"]
[WhiteTitle "WGM"]
[BlackTitle "IM"]
[WhiteElo "2257"]
[BlackElo "2321"]
[WhiteTeam "France"]
[BlackTeam "Spain"]
[WhiteFideId "675946"]
[BlackFideId "13601377"]
[EventDate "2025.10.05"]

1. d4 Nf6 2. c4 e6 3. Nc3 d5 4. Nf3 dxc4 5. e4 b5 6. e5 Nd5 7. Nxb5 Nb6 8. Be2
Be7 9. O-O O-O 10. Nc3 Bb7 11. Qd2 Kh8 12. Qf4 Nc6 13. Rd1 f5 14. exf6 Bxf6 15.
Qg4 Nb4 16. Be3 Nc2 17. Rac1 Nxe3 18. fxe3 Nd5 19. Nxd5 exd5 20. b3 Qe7 21. Rc3
c5 22. bxc4 dxc4 23. Bxc4 Rad8 24. Rcd3 Be4 25. d5 Bxd3 26. Rxd3 Rd6 27. h3 Rb6
28. Bb3 Qd6 29. Nd2 Be5 30. Nf3 Qe7 31. Qh5 Bf6 32. d6 Rxd6 33. Rxd6 Qxd6 34.
Bc2 g6 35. Bxg6 Qe7 36. Kh1 Rg8 37. Bc2 Rg7 38. Qf5 Qd6 39. Qc8+ Rg8 40. Qf5 Rg7
41. Qc8+ Bd8 42. e4 Qc7 43. Qa8 Rg8 44. e5 Qg7 45. g4 Qh6 46. Kg2 Qe3 47. Qe4
Qxe4 48. Bxe4 Bc7 49. Kg3 Rf8 50. Bf5 Rf6 51. Bd3 Rb6 52. Kf4 Rb4+ 53. Kf5 c4
54. Be4 c3 55. e6 Kg7 56. g5 c2 57. e7 0-1

[Event "25th European Teams Women"]
[Site "Batumi GEO"]
[Date "2025.10.12"]
[Round "7.4"]
[Board "4"]
[White "Calzetta Ruiz, Monica"]
[Black "Guichard, Pauline"]
[Result "0-1"]
[WhiteTitle "WGM"]
[BlackTitle "IM"]
[WhiteElo "2221"]
[BlackElo "2330"]
[WhiteTeam "Spain"]
[BlackTeam "France"]
[WhiteFideId "2204185"]
[BlackFideId "639370"]
[EventDate "2025.10.05"]

1. e4 e5 2. Nf3 Nc6 3. Bb5 a6 4. Ba4 f5 5. d4 exd4 6. e5 b5 7. Bb3 Bb7 8. O-O
Na5 9. Nxd4 c5 10. Nxf5 c4 11. Nc3 Qb6 12. Re1 Qg6 13. Nd6+ Bxd6 14. exd6+ Kf8
15. f3 Nf6 16. Bf4 cxb3 17. axb3 Nc6 18. Qd2 h6 19. Bg3 Kg8 20. Ne4 Nxe4 21.
Rxe4 Re8 22. Rg4 Qf6 23. c4 Ne5 24. Re1 Kh7 25. Qc2+ Ng6 26. Re7 Rxe7 27. dxe7
Re8 28. h4 h5 29. Rg5 Rxe7 30. cxb5 axb5 31. Rxh5+ Kg8 32. Rxb5 Qc6 33. Rc5 Qb6
34. Bf2 Qf6 35. h5 Ne5 36. Rc7 Nxf3+ 37. gxf3 Qxf3 38. Rc8+ 0-1